000 00428nam a22001691c 4500
001 a987684374
008 051003s1949 gw |||| 000u eng d
041 _aeng
100 1 _aJasny, Naum
245 0 4 _aThe Socialized Agriculture of the USSR :
_bPlans and Performance
264 _aStanford,
_c1949
300 _a837 S. Oln.
710 2 _aFood research institute
942 _cMG
040 _cRU-10907106
003 RU-10907106
999 _c9252
_d9252